[Event "HUN-chT1 9596"]
[Site "HUN"]
[Date "1996.??.??"]
[Round "7"]
[White "Bogumil, Pavel"]
[Black "Feher, Gyula"]
[Result "1/2-1/2"]
[WhiteElo "2370"]
[BlackElo "2420"]

1.e4 c5 2.Nf3 Nc6 3.Bb5 g6 4.O-O Bg7 5.Bxc6 bxc6 6.Re1 Nh6 7.c3 O-O 8.d4 cxd4
9.cxd4 d5 10.e5 Bg4 11.Nbd2 f6 12.h3 Bxf3 13.Nxf3 Nf7 14.Bf4 Qb6 15.e6 Nd8
16.Re2 Nb7 17.Rc1 Rac8 18.Rec2 Rfd8 19.Qe2 Nd6 20.Bxd6 Rxd6 21.Qe3 f5 22.Re1 Rf8
23.Rce2 Rb8 24.h4 Rf8 25.h5 f4 26.Qd3 Rf5 27.hxg6 hxg6 28.Nh4 Qxd4 29.Qxd4 Bxd4
30.Nxf5 gxf5 31.Rd1 Bf6 32.Rd3 Kg7 33.Rf3 d4 34.Rd3 c5 35.b3 Rd5 36.Kf1 Be5
37.Ke1 Kf6 38.Kd2 Kxe6 39.Rf3 Kf6 40.Kd3 Rd8 41.Rh3 Bd6 42.Rh6+ Kf7 43.f3 Rg8
44.Rh7+ Kg6 45.Rh2 Rb8 46.Re6+ Kf7 47.Reh6 Rg8 48.Rh8 Rg6 49.R2h7+ Ke6 50.Rh6 Rxh6
51.Rxh6+ Kd5 52.Rh5 e6 53.a4 a5 54.Rg5 Bb8 55.Rg8 Bd6 56.Rg5 Bb8 57.Rg6 Bd6  1/2-1/2

[Event "HUN-chT2 9596"]
[Site "HUN"]
[Date "1996.??.??"]
[Round "8"]
[White "Biro, Andras"]
[Black "Foldi, Istvan"]
[Result "1-0"]
[WhiteElo "2290"]
[BlackElo "2355"]

1.e4 c5 2.Nf3 Nc6 3.Bb5 g6 4.O-O Bg7 5.c3 Nf6 6.Re1 O-O 7.d4 cxd4 8.cxd4 a6
9.Bxc6 bxc6 10.Nc3 d6 11.h3 h6 12.Bf4 g5 13.Bh2 Nh7 14.e5 d5 15.Na4 g4 16.hxg4 Bxg4
17.Qd3 Qa5 18.Nc5 Qb5 19.Qc3 Bxf3 20.gxf3 Kh8 21.a4 Qc4 22.Qd2 Ng5 23.Ra3 Ne6
24.Nxe6 fxe6 25.Rc1  1-0

[Event "HUN-chT1 9596"]
[Site "HUN"]
[Date "1996.??.??"]
[Round "8"]
[White "Horvath, Zoltan"]
[Black "Kuklin, Alexander"]
[Result "1-0"]
[WhiteElo "2355"]
[BlackElo "2290"]

1.e4 c5 2.Nf3 Nc6 3.Bb5 g6 4.O-O Bg7 5.Re1 e5 6.Bxc6 dxc6 7.d3 Ne7 8.Be3 b6
9.Nbd2 O-O 10.Nc4 f6 11.a4 a5 12.c3 Rb8 13.d4 Be6 14.Qe2 cxd4 15.cxd4 exd4
16.Nxd4 Bf7 17.Rec1 f5 18.Rd1 Qc7 19.g3 Rbd8 20.exf5 gxf5 21.Bf4 Qa7 22.Ne6 Nd5
23.Nxd8 Rxd8 24.Qc2 Re8 25.Nd6 Nxf4 26.Nxe8 Nh3+ 27.Kg2 Bxe8 28.Kxh3 Qf7
29.Rd8 Bf6 30.Rad1 Bxd8 31.Rxd8 Qe6 32.Qd3 f4+ 33.Kg2 Kg7 34.Qd4+  1-0

[Event "HUN-chT2 9596"]
[Site "HUN"]
[Date "1996.??.??"]
[Round "9"]
[White "Nagy, Helga"]
[Black "Ladanyi, Tibor"]
[Result "1-0"]
[WhiteElo "2090"]
[BlackElo "2115"]

1.e4 c5 2.Nf3 Nc6 3.Bb5 d6 4.Bxc6+ bxc6 5.e5 d5 6.h3 e6 7.d3 Ne7 8.O-O Ng6
9.Re1 Be7 10.Nbd2 O-O 11.Nb3 Qc7 12.c4 f6 13.exf6 gxf6 14.Be3 d4 15.Bh6 Re8
16.Nfd2 f5 17.Qh5 Bd6 18.Nf3 e5 19.Re2 Be6 20.Rae1 Qd7 21.Nxc5 Bxc5 22.Nxe5 Nxe5
23.Rxe5 Bf7 24.Qg5+ Bg6 25.h4 Bd6 26.f4 Bxe5 27.fxe5 Qe7 28.Qg3 Kh8 29.e6 Qf6
30.Bg5 Qg7 31.Bf4 Kg8 32.Be5 Qh6 33.Bxd4 f4 34.Qg4 Rad8 35.Bc3 Rxd3 36.e7 Qh5
37.Qe6+ Bf7 38.Qf6 Rxc3 39.bxc3 Qg4 40.Re5 Bg6 41.Rg5 Qd1+ 42.Kh2 Qd7 43.h5 Qxe7
44.Qxf4 Qe3 45.Qxe3 Rxe3 46.hxg6 h6 47.Ra5 Rxc3 48.Rxa7 Rxc4 49.a4 Rg4 50.g7 c5
51.a5 c4 52.Rc7 c3 53.Rxc3 Ra4 54.Rc8+ Kxg7 55.Ra8 Kf6 56.a6 Kg5 57.a7 Kh5
58.g3 Ra2+ 59.Kh3 Ra3 60.Kg2 Ra2+  1-0

[Event "HUN-chT2 9596"]
[Site "HUN"]
[Date "1996.??.??"]
[Round "9"]
[White "Istvandi, Lajos"]
[Black "Mrva, Martin"]
[Result "0-1"]
[WhiteElo "2335"]
[BlackElo "2405"]

1.e4 c5 2.Nf3 Nc6 3.Bb5 Qb6 4.Nc3 Nd4 5.Nxd4 cxd4 6.Nd5 Qa5 7.Qh5 e6 8.Bxd7+ Bxd7
9.Nf6+ Nxf6 10.Qxa5 Nxe4 11.O-O Bc6 12.d3 Nd6 13.Bf4 Nf5 14.Rfe1 Nh4 15.Qh5 Ng6
16.Be5 O-O-O 17.Bg3 Bb4 18.Red1 Rd5 19.Qe2 h5 20.h3 Rg5 21.a3 Ba5 22.b4 h4
23.bxa5 hxg3 24.f3 Nf4 25.Qd2 e5 26.Re1 Bxf3 27.Rxe5 Nxh3+ 28.Kf1 Rxe5 29.gxf3 g5
30.Re1 Nf4 31.Kg1 Rh2  0-1

[Event "HUN-chT1 9596"]
[Site "HUN"]
[Date "1996.??.??"]
[Round "10"]
[White "Rigo, Janos"]
[Black "Pergel, Laszlo"]
[Result "1-0"]
[WhiteElo "2310"]
[BlackElo "2145"]

1.e4 c5 2.Nf3 Nc6 3.Bb5 g6 4.c3 Nf6 5.e5 Nd5 6.O-O Bg7 7.d4 cxd4 8.cxd4 Nc7
9.Ba4 d5 10.h3 O-O 11.Nc3 a6 12.Bxc6 bxc6 13.Na4 a5 14.b3 h6 15.Bd2 Ne6 16.Qc1 Kh7
17.Qxc6 Bd7 18.Qb6 Bxa4 19.Qxd8 Rfxd8 20.bxa4 Rdc8 21.Rfc1 g5 22.Rab1 Rxc1+
23.Rxc1 Rb8 24.Bxa5 Ra8 25.Bb4 Rxa4 26.a3 Kg6 27.Rc8 Ra7 28.Re8 Rc7 29.Rxe7 Rc1+
30.Kh2 Rc4 31.Rd7 Nxd4 32.Rxd5 Nxf3+ 33.gxf3 Kf5 34.Bd6 Rc2 35.Kg2 Ra2 36.Ra5 Ke6
37.Bb8 Rb2 38.Bd6 Ra2 39.Kf1 Kf5 40.a4 Ke6 41.Bc7 Rc2 42.Ra6+ Kf5 43.Ra7 Ra2
44.Bb6 Ke6 45.a5 Bxe5 46.a6 Kd5 47.Ra8 Kc6 48.Be3 f5 49.Re8 Bd6 50.a7 Kb7
51.Rh8 f4 52.Bd4 Ra4 53.Ke2 Be7 54.Re8 Bd6 55.Kd3 Ra2 56.Rh8 Ra3+ 57.Kc4 Bc7
58.Bc5 Ra6 59.Kd5 Ra1 60.Rxh6 Rd1+ 61.Bd4 Bd8  1-0

[Event "HUN-chT1 9596"]
[Site "HUN"]
[Date "1996.??.??"]
[Round "10"]
[White "Ozsvath, Andras"]
[Black "Feher, Gyula"]
[Result "1-0"]
[WhiteElo "2290"]
[BlackElo "2420"]

1.e4 c5 2.Nf3 Nc6 3.Bb5 g6 4.O-O Bg7 5.Re1 Nf6 6.Nc3 O-O 7.e5 Ne8 8.Bxc6 dxc6
9.Ne4 b6 10.a4 a5 11.d3 Nc7 12.h3 Ne6 13.Neg5 Ra7 14.Qe2 h6 15.Ne4 Nd4 16.Nxd4 Qxd4
17.Nd2 Be6 18.Nf3 Qd8 19.Bd2 Rd7 20.Bc3 Qc7 21.Nd2 Ra8 22.Qf3 Rd5 23.Qg3 Rad8
24.f4 R5d7 25.b3 Bf5 26.Re3 Ra8 27.Qf3 Be6 28.Rf1 Rf8 29.g4 Bd5 30.Qe2 b5
31.Ba1 b4 32.f5 Rdd8 33.Qf2 gxf5 34.gxf5 Kh8 35.Rfe1 Rg8 36.Rg3 Bf6 37.Kf1 Bg5
38.Ne4 Rg7 39.Nxg5 hxg5 40.Rxg5 Rh7 41.Qg3 Qc8 42.Kf2 Rg8 43.Rg1 Rxg5 44.Qxg5 Qf8
45.h4 Rg7 46.Qh6+ Kg8 47.Rg5 Rxg5 48.Qxf8+ Kxf8 49.hxg5 Bh1 50.Bb2 c4 51.bxc4 c5
52.Bc1 Bc6 53.Be3 Bxa4 54.Bxc5 Bxc2 55.Ke3 Ke8 56.Kd2 Bb1 57.f6 exf6 58.exf6 b3
59.Ba3 Bc2 60.Bb2 Kd7 61.c5 a4 62.c6+  1-0

[Event "HUN-chT2 9596"]
[Site "HUN"]
[Date "1996.??.??"]
[Round "10"]
[White "Deak, Laszlo"]
[Black "Kis, Jozsef"]
[Result "1/2-1/2"]
[WhiteElo "2255"]
[BlackElo "2110"]

1.e4 c5 2.Nf3 Nc6 3.Bb5 b6 4.O-O Bb7 5.d4 cxd4 6.Nxd4 g6 7.Nxc6 Bxc6 8.Bxc6 dxc6
9.Qf3 Bg7 10.Rd1 Qc7 11.Bf4 Be5 12.Bxe5 Qxe5 13.Qc3 Qxc3 14.Nxc3 Rd8 15.e5 Nh6
16.Ne4 O-O 17.c3 Ng4 18.Rxd8 Rxd8 19.f4 f5 20.exf6 exf6  1/2-1/2

[Event "HUN-chT1 9596"]
[Site "HUN"]
[Date "1996.??.??"]
[Round "12"]
[White "Horvath, Zoltan"]
[Black "Szabo, Zsolt"]
[Result "1-0"]
[WhiteElo "2355"]
[BlackElo "2350"]

1.e4 c5 2.Nf3 Nc6 3.Bb5 g6 4.c3 Bg7 5.d4 Qb6 6.Bxc6 dxc6 7.O-O Nh6 8.h3 f6
9.b3 Nf7 10.Ba3 cxd4 11.cxd4 Qa5 12.Qd2 Qh5 13.Qd3 Be6 14.Nc3 Rd8 15.Rfe1 Ne5
16.Nxe5 fxe5 17.d5 Rd7 18.Qe3 cxd5 19.exd5 Bxd5 20.Rad1 Bc6 21.Rxd7 Bxd7
22.Qxa7 Bc6 23.Qc5 O-O 24.Qc4+ Kh8 25.Bxe7 Rf4 26.Ne4 Qf5 27.f3 Qd7 28.Bg5 Rf5
29.Be3 h6 30.Nc5 Qd5 31.Qxd5 Bxd5 32.Rd1 Bc6 33.Rd6 Kh7 34.Re6 Rf6 35.Re7 Kg8
36.Nxb7 Bf8 37.Rc7 g5 38.Na5 Bd5 39.Nc4 e4 40.Nb6 Bc6 41.fxe4 Bxe4 42.a4 Bd6
43.Rc8+ Kh7 44.Bd4 Be5 45.Be3 Bf4 46.Bc5 Bg3 47.Nd7 Rf5 48.Rf8 Rxf8 49.Bxf8 Bc2
50.a5 Bxb3 51.a6 Kg6 52.a7 Bd5 53.Nb6 Bb7 54.Bc5 g4 55.Bf2 Bd6 56.a8=Q Bxa8
57.Nxa8 gxh3 58.gxh3 Be5 59.Kg2 Bd6 60.Kf3 Be5 61.Nb6 Kf5 62.Nc4 Bc3 63.Nd6+ Kg6
64.Kg4 Be5 65.Nc4 Bf6 66.Bg3 h5+ 67.Kf4 Bg5+ 68.Ke5 Bf6+ 69.Ke6 Bg5 70.Ne5+ Kg7
71.Kf5 Be7 72.Ng6 Bd8 73.Bh4 Ba5 74.Kg5 Kh7 75.Kxh5 Bd2 76.Bf6 Be1 77.Bd4 Bg3
78.Ne5 Be1 79.Nf3 Bg3 80.Ng5+ Kg8 81.Ne4 Bf4 82.Kg6 Bc1 83.h4 Ba3 84.h5 Bc1
85.Ng5  1-0

[Event "HUN-chT1 9596"]
[Site "HUN"]
[Date "1996.??.??"]
[Round "13"]
[White "Bogumil, Pavel"]
[Black "Farkas, Gyula"]
[Result "1-0"]
[WhiteElo "2370"]
[BlackElo "2215"]

1.e4 c5 2.Nf3 Nc6 3.Bb5 g6 4.O-O Bg7 5.c3 e5 6.d3 Nge7 7.Bg5 h6 8.Be3 d6
9.d4 cxd4 10.cxd4 a6 11.Be2 exd4 12.Nxd4 O-O 13.Nc3 d5 14.exd5 Nxd5 15.Nxc6 bxc6
16.Nxd5 cxd5 17.Qd2 Rb8 18.Bd4 Bxd4 19.Qxd4 Qb6 20.Qf4 Qxb2 21.Bd3 Rb4 22.Qxh6 Qg7
23.Qg5 Be6 24.Bxa6 Ra8 25.Bd3 Rg4 26.Qd2 Rga4 27.Bb5 Ra3 28.Bc6 R8a5 29.Rab1 Rxa2
30.Rb8+ Kh7 31.Qg5 Qd4 32.h4 Rxf2 33.Rxf2 Ra1+ 34.Kh2 Qxf2 35.Rb3 f5 36.Rb7+  1-0

[Event "HUN-chT1 9697"]
[Site "Hungary"]
[Date "1996.??.??"]
[Round "1"]
[White "Rigo, Janos"]
[Black "Turzo, Attila"]
[Result "0-1"]
[WhiteElo "2300"]
[BlackElo "2360"]

1.e4 c5 2.Nf3 Nc6 3.Bb5 g6 4.c3 Nf6 5.e5 Nd5 6.O-O Nc7 7.a4 Bg7 8.d4 cxd4
9.cxd4 O-O 10.Bf4 a6 11.Bc4 d5 12.exd6 exd6 13.Nc3 Bg4 14.d5 Nd4 15.Be2 Nxe2+
16.Qxe2 Qd7 17.h3 Rfe8 18.Be3 Bf5 19.Qc4 Bxc3 20.bxc3 Be4 21.Ng5 Bxd5 22.Qf4 h6
23.Bd4 hxg5 24.Qxg5 Qf5 25.Qh6 f6 26.g4 Qg5 27.Qxg5 fxg5 28.Be3 Ne6 29.Rfd1 Bc6
30.Rxd6 Rad8 31.Rxd8 Rxd8 32.a5 Kf7 33.Kh2 Rh8 34.Re1 Nf4 35.Bxf4 gxf4  0-1

[Event "HUN-chT1 9697"]
[Site "Hungary"]
[Date "1996.??.??"]
[Round "1"]
[White "Tompa, Janos"]
[Black "Farkas, Gyula"]
[Result "1-0"]
[WhiteElo "2455"]
[BlackElo "2195"]

1.e4 c5 2.Nf3 Nc6 3.Bb5 g6 4.O-O Bg7 5.c3 e5 6.d4 cxd4 7.cxd4 exd4 8.Bf4 Nge7
9.Bd6 O-O 10.Nbd2 a6 11.Bd3 b5 12.a4 b4 13.a5 Bb7 14.Bc4 h6 15.Qb3 Qe8 16.Bd5 Kh7
17.Rfe1 Rc8 18.Nc4 d3 19.Qxd3 Rd8 20.Bc7 Nc8 21.e5 Qe7 22.Bxd8 Qxd8 23.Rad1 N8e7
24.Be4 Nxa5 25.Bxb7 Nxb7 26.Qxd7  1-0

[Event "HUN-chT1 9697"]
[Site "Hungary"]
[Date "1996.??.??"]
[Round "2"]
[White "Sherzer, Alex"]
[Black "Almasi, Istvan"]
[Result "0-1"]
[WhiteElo "2500"]
[BlackElo "2405"]

1.e4 c5 2.Nf3 Nc6 3.Bb5 e6 4.O-O Nge7 5.Re1 a6 6.Bf1 g6 7.c3 Bg7 8.d4 cxd4
9.cxd4 d5 10.e5 O-O 11.Bg5 h6 12.Bf4 Bd7 13.Nc3 b5 14.Rc1 Qb6 15.Qd2 Nf5
16.Ne2 g5 17.Bg3 Rac8 18.h3 Qa5 19.Rc3 b4 20.Rd3 Qxa2 21.h4 g4 22.Nh2 Na5
23.Nxg4 Bb5 24.Rf3 Bxe2 25.Bxe2 Nb3 26.Rxb3 Qxb3 27.Bd3 Rc6 28.Bf4 Rfc8 29.Nxh6+ Nxh6
30.Bxh6 Bxh6 31.Qxh6 Qxd3 32.Re3 Qb1+ 33.Kh2 Rc3 34.bxc3 Rxc3 35.Qg5+ Qg6
36.Qd8+ Kh7 37.Re2 b3 38.Rb2 Qf5 39.Qb6 Qf4+ 40.g3 Qf3  0-1

[Event "HUN-chT1 9697"]
[Site "Hungary"]
[Date "1996.??.??"]
[Round "3"]
[White "Paksa, Rudolf"]
[Black "Certek, Pavel"]
[Result "1-0"]
[WhiteElo "2340"]
[BlackElo "2260"]

1.e4 c5 2.Nf3 Nc6 3.Bb5 g6 4.O-O Bg7 5.c3 Nf6 6.Re1 O-O 7.d4 cxd4 8.cxd4 d5
9.e5 Ne4 10.h3 Qb6 11.Bf1 Bf5 12.Nc3 Rad8 13.g4 Bc8 14.a3 f5 15.exf6 Nxf6
16.b4 Kh8 17.b5 Na5 18.Rxe7 Ng8 19.Rxg7 Kxg7 20.Bg5 Rde8 21.Nxd5 Qd6 22.Ne3 h6
23.Bh4 Nf6 24.Bg3 Qd8 25.Rc1 Re7 26.d5 Ne4 27.d6 Nxg3 28.dxe7 Qxe7 29.Nd5 Qe4
30.Rc7+ Rf7 31.Qa1+  1-0

[Event "HUN-chT1 9697"]
[Site "Hungary"]
[Date "1996.??.??"]
[Round "3"]
[White "Pergel, Laszlo"]
[Black "Madl, Ildiko"]
[Result "1/2-1/2"]
[WhiteElo "2210"]
[BlackElo "2375"]

1.e4 c5 2.Nf3 Nc6 3.Bb5 d6 4.Bxc6+ bxc6 5.h3 e5 6.O-O Nf6 7.Re1 Be7 8.c3 O-O
9.d4 exd4 10.cxd4 cxd4 11.Nxd4 Bd7 12.Nc3 Re8 13.Rb1 h6 14.Qf3 Rb8 15.Be3 Qc8
16.b3 Qb7 17.Rbd1 Rbd8 18.Nde2 Bc8 19.Nf4 Nh7 20.Nh5 Bf8 21.Bd4 f6 22.Qg3 Qf7
23.Nf4 Ng5 24.h4 Ne6 25.Ng6 Nxd4 26.Rxd4 d5 27.Nxf8 Qxf8 28.Red1 dxe4 29.Rxd8 Rxd8
30.Rxd8 Qxd8 31.Nxe4 Qd1+ 32.Kh2 Qd4 33.Qb8 Qxe4 34.Qxc8+ Kh7 35.g3 a5 36.Qd7 Kg6
37.Qd2 Qf5 38.Kg1 Kf7 39.Kg2 Ke7 40.Kg1 Qe5 41.Kg2 Ke6 42.Kf3 Qh5+ 43.Ke3 Qe5+
44.Kf3 Qh5+ 45.Ke3  1/2-1/2

[Event "HUN-chT1 9697"]
[Site "Hungary"]
[Date "1996.??.??"]
[Round "5"]
[White "Bogumil, Pavel"]
[Black "Kiss, Attila"]
[Result "1/2-1/2"]
[WhiteElo "2400"]
[BlackElo "2395"]

1.e4 c5 2.Nf3 Nc6 3.Bb5 g6 4.O-O Bg7 5.c3 Nf6 6.Re1 a6 7.Bf1 O-O 8.d3 d5
9.e5 Ne8 10.d4 cxd4 11.cxd4 Bg4 12.Be3 Nc7 13.Be2 f6 14.exf6 exf6 15.Nc3  1/2-1/2

[Event "HUN-chT1 9697"]
[Site "Hungary"]
[Date "1996.??.??"]
[Round "6"]
[White "Horvath, Sandor"]
[Black "Turzo, Attila"]
[Result "1-0"]
[WhiteElo "2295"]
[BlackElo "2360"]

1.e4 c5 2.Nf3 Nc6 3.Bb5 g6 4.O-O Bg7 5.c3 e5 6.d3 Nge7 7.Be3 d6 8.d4 exd4
9.cxd4 O-O 10.Nc3 Qb6 11.Bxc6 Qxc6 12.Rc1 b6 13.b4 Ba6 14.Re1 Rac8 15.a4 cxb4
16.Nd5 Qd7 17.Nxb4 Bc4 18.Nd2 d5 19.Nxc4 dxc4 20.d5 c3 21.Bd4 Bxd4 22.Qxd4 Qxa4
23.Rxc3 Rxc3 24.Qxc3 Rc8 25.Qd4 Re8 26.Ra1 Qd7 27.h3 a5 28.Nd3 Qd6 29.Rb1 Rb8
30.Rb5 f6 31.f4 Nc6 32.Rxb6 Nxd4 33.Rxd6 Rb3 34.Nc5 Ne2+ 35.Kf2 Rb2 36.Ke3 Nc1
37.Rxf6 Kg7 38.e5 Rxg2 39.d6 a4 40.Ne6+  1-0

[Event "Imperia op"]
[Site "Imperia"]
[Date "1996.??.??"]
[Round "3"]
[White "Keller, Rudolf"]
[Black "Malano, Francesco"]
[Result "1-0"]
[WhiteElo "2180"]
[BlackElo "2080"]

1.e4 c5 2.Nf3 Nc6 3.Bb5 Qb6 4.Nc3 e6 5.d3 Nge7 6.O-O Nd4 7.Ba4 Nxf3+ 8.Qxf3 Ng6
9.Qg3 Bd6 10.f4 f6 11.h4 O-O 12.Be3 a6 13.Bb3 Kh8 14.e5 fxe5 15.fxe5 Rxf1+
16.Rxf1 Be7 17.h5 Nf8 18.Rf7  1-0

[Event "Imperia op"]
[Site "Imperia"]
[Date "1996.??.??"]
[Round "7"]
[White "Vujovic, Milorad"]
[Black "Coutton, Sylvain"]
[Result "1-0"]
[WhiteElo "2310"]
[BlackElo "2155"]

1.e4 c5 2.Nf3 Nc6 3.Bb5 e6 4.O-O Nge7 5.c3 d5 6.exd5 Qxd5 7.Qe2 Ng6 8.d4 cxd4
9.cxd4 Be7 10.Nc3 Qd6 11.Rd1 O-O 12.d5 exd5 13.Nxd5 Bg4 14.Bxc6 bxc6 15.Nb6 Qf6
16.Nxa8 Nh4 17.Re1 Bd6 18.Bg5 Nxf3+ 19.gxf3 Qxg5 20.fxg4 Qh4 21.f3 Rxa8 22.Rac1 Rb8
23.Qf2 Qf6 24.Rxc6  1-0

[Event "Imperia op"]
[Site "Imperia"]
[Date "1996.??.??"]
[Round "8"]
[White "Keller, Rudolf"]
[Black "Coutton, Sylvain"]
[Result "0-1"]
[WhiteElo "2180"]
[BlackElo "2155"]

1.e4 c5 2.Nf3 Nc6 3.Bb5 e6 4.O-O Nge7 5.c3 d5 6.e5 d4 7.d3 a6 8.Bxc6+ Nxc6
9.cxd4 cxd4 10.Bf4 Be7 11.Nbd2 O-O 12.Rc1 f6 13.exf6 gxf6 14.Ne4 Kh8 15.Bg3 f5
16.Nxd4 Qxd4 17.Rc4 Qd8 18.Rxc6 bxc6 19.Be5+ Kg8 20.f4 Bf6 21.Nxf6+ Rxf6
22.Qe1 Rg6 23.Qe3 c5 24.Rf3 Bb7 25.Rg3 Qe8 26.Bc3 Rxg3 27.hxg3 Qc6 28.Kf1 Qxg2+
29.Ke1 Qd5 30.g4 fxg4 31.f5 Qxf5 32.Qh6 e5 33.Qb6 Rf8 34.Kd1 Qxd3+ 35.Bd2 Rf1+  0-1

[Event "IRL-ch"]
[Site "Irland"]
[Date "1996.??.??"]
[Round "6"]
[White "O'Donovan, Richard"]
[Black "Quinn, Mark"]
[Result "0-1"]
[WhiteElo "2215"]
[BlackElo "2345"]

1.e4 c5 2.Nf3 Nc6 3.Bb5 Nf6 4.e5 Ng4 5.Bxc6 bxc6 6.O-O g6 7.d4 cxd4 8.Qxd4 Nh6
9.e6 f6 10.exd7+ Qxd7 11.Qa4 c5 12.Nc3 Qxa4 13.Nxa4 Ba6 14.Re1 Rc8 15.Be3 Nf5
16.Nxc5 Nxe3 17.Nxa6 Nxc2 18.Rac1 Bh6 19.Nb4 Bxc1 20.Rxc1 a5 21.Rxc2 Rd8
22.Nd3 Rxd3 23.Kf1 Kd7 24.Ke2 Rd5 25.Nd2 Rc8 26.Nc4 Rc6 27.b3 a4 28.Rd2 Rxd2+
29.Kxd2 axb3 30.axb3 Ra6 31.Kc3 Ra1 32.Kd3 Kc6 33.h4 Rd1+ 34.Ke2 Rd4 35.g3 Kc5
36.Ke3 Rd8 37.g4 Kb4 38.Nd2 Rd5 39.f4 Kc3 40.Nc4 Kxb3 41.Nb6 Rd6 42.Nc8 Rc6
43.Na7 Rc5 44.Kd4 Kb4 45.f5 gxf5 46.gxf5 h5 47.Kd3 Ka5  0-1

[Event "ISR"]
[Site "Israel"]
[Date "1996.??.??"]
[Round "1"]
[White "Faerman, Igor"]
[Black "Afek, Yochanan"]
[Result "1-0"]
[WhiteElo "2230"]
[BlackElo "2390"]

1.e4 c5 2.Nf3 Nc6 3.Bb5 g6 4.Bxc6 bxc6 5.O-O Bg7 6.Re1 e5 7.d3 d6 8.a3 Be6
9.Ng5 Bd7 10.b4 cxb4 11.axb4 a5 12.bxa5 Rxa5 13.Rxa5 Qxa5 14.Na3 Bg4 15.f3 Bd7
16.Nc4 Qc7 17.f4 f6 18.fxe5 fxe5 19.d4 h6 20.dxe5 hxg5 21.Nxd6+ Kd8 22.Bxg5+ Ne7
23.Nf7+ Ke8 24.Nd6+ Kd8 25.Nf7+ Ke8 26.Nxh8 Bxh8 27.Bf6 Bxf6 28.exf6 Nc8
29.Qd2 Qd6 30.Qxd6 Nxd6 31.e5 Nb5 32.e6 Bc8 33.e7 Nc7 34.Rb1  1-0

[Event "ISR-chT"]
[Site "Israel"]
[Date "1996.??.??"]
[Round "6"]
[White "Blodstein, Boris"]
[Black "Grinshpun, Eduard"]
[Result "1/2-1/2"]
[WhiteElo "2195"]
[BlackElo "2355"]

1.e4 c5 2.Nf3 Nc6 3.Bb5 g6 4.O-O Bg7 5.Re1 e5 6.d3 Nge7 7.Bg5 h6 8.Be3 d6
9.c3 O-O 10.b4 cxb4 11.cxb4 Bg4 12.Bxc6 Nxc6 13.b5 Nd4 14.Bxd4 exd4 15.h3 Bxf3
16.Qxf3 Qa5 17.Qd1 Qxb5 18.a4 Qd7 19.Na3 b6 20.Rb1 Rfc8 21.Nc4 Rc5 22.Rb4 Re8
23.Re2 h5 24.Na3 Qc6 25.Nc4 Re6 26.Qd2 Qe8 27.Na3 d5 28.f3 dxe4 29.fxe4 Kh7
30.Qb2 Rc3 31.Rd2 Qc6 32.Nc4 f5 33.e5 f4 34.Rb5 f3 35.g3 Bh6 36.Rd1 Be3+
37.Kh2 f2 38.Qe2 h4 39.Nxe3 dxe3 40.Qxe3 hxg3+ 41.Qxg3 a6  1/2-1/2

[Event "ITA op"]
[Site "Italy"]
[Date "1996.??.??"]
[Round "6"]
[White "Borgo, Giulio"]
[Black "Mufic, Goran"]
[Result "1-0"]
[WhiteElo "2400"]
[BlackElo "2335"]

1.e4 c5 2.Nf3 Nc6 3.Bb5 g6 4.Bxc6 dxc6 5.h3 Bg7 6.O-O e5 7.d3 f6 8.Be3 Qe7
9.a3 Be6 10.Nbd2 Nh6 11.b4 cxb4 12.axb4 Qxb4 13.Qb1 Qe7 14.Nb3 Bxb3 15.Qxb3 Nf7
16.Rfb1 b5 17.Ra6 O-O 18.Rxc6 a6 19.Ra1 Qb7 20.Rb6 Qc8 21.Ra5 Kh8 22.Qa2 f5
23.Rbxa6 Rxa6 24.Rxa6 fxe4 25.dxe4 Qc4 26.Qxc4 bxc4 27.Rc6 Rd8 28.Ng5 Kg8
29.Nxf7 Kxf7 30.Kf1 Bf6 31.Rxc4 Be7 32.Ke2 Ke6 33.Rc6+ Kd7 34.Ra6 Rb8 35.h4 Rc8
36.Ra7+ Ke6 37.Bg5 Bxg5 38.hxg5 Rxc2+ 39.Kf3 Rc8 40.Rxh7 Rg8 41.Kg4 Kd6 42.g3 Kc5
43.f4 Ra8 44.Re7 exf4 45.gxf4 Ra1 46.f5  1-0

[Event "Jakarta Gunadarma"]
[Site "Jakarta"]
[Date "1996.??.??"]
[Round "6"]
[White "Gunawan, Ruben"]
[Black "Torre, Eugenio"]
[Result "1/2-1/2"]
[WhiteElo "2425"]
[BlackElo "2535"]

1.Nf3 c5 2.e4 Nc6 3.Bb5 e6 4.c3 Nf6 5.Qe2 Qc7 6.O-O a6 7.Ba4 b5 8.Bc2 Bb7
9.d3 d6 10.Nbd2 Be7 11.Re1 O-O 12.Nf1 Rac8 13.h3 d5 14.Bg5 d4 15.cxd4 cxd4
16.Bb3 Qb6 17.Ng3 Nd7 18.Bxe7 Nxe7 19.Qd2 Nc5 20.Bc2 Qd6 21.b4 Na4 22.Bxa4 bxa4
23.a3 e5 24.Rec1 Rxc1+ 25.Rxc1 Rc8 26.Nf1 f6 27.Qd1 Rxc1 28.Qxc1 Qc6 29.Qxc6 Bxc6
30.N1d2 Kf7 31.Kf1 Ke6 32.Ke2 Bb5 33.Nc4 g6 34.g3 h6 35.h4 Nc6 36.Nfd2 Nd8
37.f4 Nf7 38.Nf3 Bd7 39.Kf2 Be8 40.Ke2 Bb5 41.Kd2 g5 42.f5+ Ke7 43.h5 Be8
44.g4 Kd8 45.Kc2 Kc7 46.Nfd2 Nd8 47.Na5 Bf7 48.Ndc4 Nc6 49.Nxc6 Kxc6 50.Na5+ Kd6
51.Kd2 Bg8  1/2-1/2

[Event "Jyvaskyla op"]
[Site "Jyvaskyla"]
[Date "1996.??.??"]
[Round "?"]
[White "Laihonen, Petteri"]
[Black "Penttinen, Jarkko"]
[Result "0-1"]
[WhiteElo "2245"]
[BlackElo "2280"]

1.e4 c5 2.Nf3 Nc6 3.Bb5 g6 4.O-O Bg7 5.Re1 Nf6 6.c3 O-O 7.h3 Qb6 8.Bc4 e5
9.Na3 d6 10.d3 a6 11.Bb3 h6 12.Nh2 Nh5 13.Nc4 Qd8 14.Ne3 Nf4 15.Nd5 Ne6 16.Ng4 Kh7
17.Nge3 Rb8 18.Bc2 b5 19.a4 h5 20.axb5 axb5 21.Nf5 Bh8 22.g3 Nc7 23.Nxc7 Qxc7
24.g4 Qd8 25.Qd2 Qf6 26.Qh6+ Kg8 27.Kh1 gxf5 28.Qxh5 fxg4 29.Rg1 Qg6 30.Qh4 Bf6
31.Qg3 Kg7 32.f3 Rh8 33.fxg4 Bg5 34.Bxg5 Qxg5 35.Raf1 Be6 36.Rf2 Rh4 37.Rh2 Rbh8
38.Bd1 Ne7 39.Bf3 Ng6 40.d4 Qf4  0-1

[Event "JUG-ch sf"]
[Site "Kladovo"]
[Date "1996.??.??"]
[Round "?"]
[White "Brenjo, Slavisa"]
[Black "Milanovic, Danilo"]
[Result "1-0"]
[WhiteElo "2425"]
[BlackElo "2305"]

1.e4 c5 2.Nf3 Nc6 3.Bb5 e6 4.O-O Nge7 5.c3 a6 6.Ba4 b5 7.Bc2 Bb7 8.d3 Ng6
9.Re1 Bd6 10.d4 cxd4 11.cxd4 Nb4 12.Bb3 O-O 13.Nc3 Nc6 14.Bg5 Qb8 15.e5 Bb4
16.h4 h6 17.h5 hxg5 18.hxg6 g4 19.Ng5 f5 20.Nxe6  1-0

[Event "JUG-ch sf"]
[Site "Kladovo"]
[Date "1996.??.??"]
[Round "?"]
[White "Solak, Dragan"]
[Black "Perunovic, Milos"]
[Result "1-0"]
[WhiteElo "2365"]
[BlackElo "2105"]

1.e4 c5 2.Nf3 Nc6 3.Bb5 e6 4.O-O Nge7 5.Ng5 f6 6.Nh3 a6 7.Bxc6 Nxc6 8.Nf4 Ne5
9.c3 c4 10.d4 cxd3 11.Nxd3 Nxd3 12.Qxd3 Bc5 13.c4 b6 14.Nc3 Bb7 15.Bf4 O-O
16.Rad1 Bc6 17.Bd6 Bxd6 18.Qxd6 Qb8 19.a4 a5 20.Rd3 Qxd6 21.Rxd6 Kf7 22.f3 Ke7
23.Rfd1 Rab8 24.b3 Rfc8 25.Kf2 Rc7 26.Ke3 Rcb7 27.R6d2 Rd8 28.h4 d6 29.g4 Rbd7
30.f4 f5 31.gxf5 exf5 32.Nd5+ Bxd5 33.Rxd5 fxe4 34.Kxe4 Re8 35.Kf3 Rf8 36.Rh5 h6
37.Rb5 Rb7 38.Rg1 Kf6 39.Rd5 Rd7 40.h5 Ke6 41.Rg6+ Rf6 42.Rxf6+ Kxf6 43.Rb5 Rb7
44.Ke4 Ke6 45.b4 Ra7 46.bxa5 bxa5 47.Kd4 Rf7 48.f5+ Rxf5 49.Rxf5 Kxf5 50.Kd5 g5
51.Kxd6 g4 52.c5 g3 53.c6 g2 54.c7 g1=Q 55.c8=Q+ Ke4 56.Qc4+ Kf3 57.Qd3+ Kf4
58.Qc4+ Kf3 59.Qd5+ Ke2 60.Qb5+ Kf3 61.Qxa5 Qh2+ 62.Qe5 Qh4 63.a5 Qd8+ 64.Ke6 Qe8+
65.Kf6 Qh8+ 66.Kf5 Qh7+ 67.Ke6 Qg8+ 68.Ke7 Qh7+ 69.Kf8 Qd3 70.Qf6+ Ke2 71.a6 Qd5
72.Qf7 Qd4 73.a7 Qh8+ 74.Ke7 Qa8 75.Kf6 Ke3 76.Kg7 Ke2 77.Qa2+ Kf3 78.Qb3+ Kg4
79.Qb8 Qe4 80.Qg8 Kxh5 81.a8=Q Qe5+ 82.Kh7 Qf5+ 83.Kh8 Qf6+ 84.Qg7  1-0

[Event "Klatovy op"]
[Site "Klatovy"]
[Date "1996.??.??"]
[Round "?"]
[White "Hallerova, Eva"]
[Black "Havranek, Miroslav"]
[Result "0-1"]
[WhiteElo "2140"]
[BlackElo "2280"]

1.e4 c5 2.Nf3 Nc6 3.Bb5 Na5 4.c3 a6 5.Ba4 b5 6.Bc2 g6 7.O-O Bg7 8.d4 cxd4
9.cxd4 Bb7 10.Nc3 Nf6 11.Re1 O-O 12.Bg5 Rc8 13.e5 Nd5 14.Ne4 f6 15.Bh4 d6
16.Rc1 Bh6 17.Rb1 Kh8 18.a3 Qc7 19.Bd3 Qb6 20.Bg3 dxe5 21.dxe5 Nf4 22.Bxf4 Bxf4
23.Qe2 Nb3 24.Rbd1 Nc1 25.Qf1 Nxd3 26.Qxd3 fxe5 27.Qb3 Rc4 28.Ned2 Bxd2 29.Rxd2 Bxf3
30.gxf3 Rf5 31.Qd3 Kg7 32.Re4 Qf6 33.Re3 Rd4 34.Qc3 Rxd2 35.Qxd2 Qg5+ 36.Kf1 Rxf3
37.Ke2 Rxe3+ 38.fxe3 Qf5 39.Qe1 Qe4 40.Kd2 h5 41.b3 Qc6 42.b4 e4 43.Qf2 Qd6+
44.Kc2 Qf6 45.Qg2 Qe6 46.Kc3 h4 47.Kb2 Qf5 48.Kb3 Qf7+ 49.Kb2 Qf3 50.Qd2 Qf6+
51.Kb3 Qe6+ 52.Kb2 h3 53.Kc3 Qc4+ 54.Kb2 Qf1 55.Kc3 g5 56.Qd7 Qd3+  0-1

[Event "Klatovy op"]
[Site "Klatovy"]
[Date "1996.??.??"]
[Round "?"]
[White "Shurygin, Sergey"]
[Black "Kubikova, Hana"]
[Result "1/2-1/2"]
[WhiteElo "2395"]
[BlackElo "2180"]

1.e4 c5 2.Nf3 Nc6 3.Bb5 Na5 4.c3 a6 5.Ba4 b5 6.Bc2 d6 7.O-O Nf6 8.d4 cxd4
9.cxd4 e6 10.Nbd2 Be7 11.e5 dxe5 12.dxe5 Nd5 13.Ne4 h6 14.Qe2 Bb7 15.Rd1 Qc7
16.Nd6+ Bxd6 17.exd6 Qxd6 18.Ne5 Qc7 19.Bg6 O-O 20.Nxf7 Rxf7 21.Qxe6 Qe7
22.Bxf7+ Qxf7 23.Qxf7+ Kxf7 24.b3 Re8 25.Bd2 b4 26.Rac1 Nc6 27.Re1 Rd8 28.f3 Rd7
29.Rc5 Nf6 30.Be3 Rd5 31.Rec1 Rd3 32.Bf2 Nd5 33.Be1 Nd4 34.Kf2  1/2-1/2

[Event "Koszalin op"]
[Site "Koszalin"]
[Date "1996.??.??"]
[Round "6"]
[White "Hasangatin, Ramil"]
[Black "Pevzner, Albert"]
[Result "1-0"]
[WhiteElo "2400"]
[BlackElo "2290"]

1.e4 c5 2.Nf3 Nc6 3.Bb5 g6 4.O-O Bg7 5.Re1 Nf6 6.e5 Nd5 7.Bxc6 dxc6 8.h3 O-O
9.d3 Nc7 10.Be3 Ne6 11.Qd2 Re8 12.Bh6 Bh8 13.Nc3 Nd4 14.Nh2 Qc7 15.Bf4 Ne6
16.Bg3 h5 17.Nf3 b6 18.Ne4 Bd7 19.Bh2 Rad8 20.Qh6 Bg7 21.Qe3 Qc8 22.c3 Nf8
23.Red1 Bf5 24.Ng3 Rd5 25.c4 Rdd8 26.a3 Be6 27.b4 cxb4 28.axb4 Rd7 29.Rdc1 Qd8
30.Ra3 b5 31.cxb5 cxb5 32.Ne4 Bd5 33.Nc5 Rc7 34.Nd4 e6 35.Nxb5 Rc6 36.Rxa7 Qb8
37.Qf4 f5 38.exf6 Qxf4 39.Rxg7+  1-0